Daň vyberaná zrážkou

Z hľadiska jednoduchšieho výberu daní je pri niektorých druhoch príjmov vhodnejšie vyberať daň priamo pri zdroji. Ide spravidla o príjmy, ktoré plynú širokému okruhu prijímateľov. Daň vyberaná zrážkou platiteľom príjmu za daňovníka má výhodu hlavne v administratívnom znížení výdavkov na správu daní...

ver descrição completa

Na minha lista:
Detalhes bibliográficos
Autor principal: Vanková, Lucia
Formato: Capítulo de Livro
Idioma:eslovaco
Assuntos:
Tags: Adicionar Tag
Sem tags, seja o primeiro a adicionar uma tag!

MARC

LEADER 00000naa a2200000 4500
001 0242893
005 20180516102311.5
041 0 |a slo 
044 |a SK 
245 1 0 |a Daň vyberaná zrážkou  |c Lucia Vanková 
520 |a Z hľadiska jednoduchšieho výberu daní je pri niektorých druhoch príjmov vhodnejšie vyberať daň priamo pri zdroji. Ide spravidla o príjmy, ktoré plynú širokému okruhu prijímateľov. Daň vyberaná zrážkou platiteľom príjmu za daňovníka má výhodu hlavne v administratívnom znížení výdavkov na správu daní u správcu dane, ale aj u daňovníka, pretože príjmy takto zdanené sa už do základu dane z príjmov nezahŕňajú. Vyberanie dane pri zdroji uspokojivo rieši aj otázku zabezpečenia predchádzania daňových únikov. Ilustračné príklady. 
610 2 0 |a zdaňovanie 
610 2 0 |a dane z príjmov 
610 2 0 |a únik daňový 
610 2 0 |a daňovníci 
610 2 0 |a základ dane 
610 2 0 |a základ vymeriavací 
100 1 |a Vanková, Lucia